• 首页
  • 本馆介绍
  • 公告通知
  • 最新文献
  • 馆藏检索
  • 电子资源
  • 读者导购
  • 参考咨询
  • 我的图书馆
  • 登录
  • 详细信息显示
  • 放入我的书架
  • 预约/预借图书
  • 作者相关作品
  • 分类相关作品
  • 丛书相关作品
  • 出版社相关作品

书目信息

  • 表格格式
  • 工作单格式
  • 卡片格式
题名:
施工企业经济活动分析
    
 
作者: 俞文青 编著
分册:  
出版信息: 北京   中国财政经济出版社  1986
页数: 256页
开本: 19cm
丛书名:
单 册:
中图分类: F407.96
科图分类:
主题词: 施工单位-企业经济-经济活动分析 , 经济活动分析-施工单位-企业经济 , 企业经济-施工单位-经济活动分析
电子资源:
ISBN:
000 00752nam0 2200265 45
001 0186017965
005 20060809112234.84
010    @dCNY1.65
091    @aCN@b4166.631
100    @a19900726d1986 em y0chiy0121 ea
101 0  @achi
102    @aCN@b110000
105    @ay z 000yy
200 10 @a施工企业经济活动分析@Ashi gong qi ye jing ji huo dong fen xi@f俞文青编著
210    @a北京@c中国财政经济出版社@d1986
215    @a256页@d19cm
606    @a施工单位-企业经济-经济活动分析
606    @a经济活动分析-施工单位-企业经济
606    @a企业经济-施工单位-经济活动分析
610 0  @a建筑
690    @aF407.96@v3
701  0 @a俞文青@Ayu wen qing@4编著
801  2 @aCN@bNLC@c20060809
801  0 @aCN@bTSSF
905    @a10447@dF407.96@e127
    
    施工企业经济活动分析/俞文青编著.-北京:中国财政经济出版社,1986
    256页;19cm
    
    
    ISBN :CNY1.65
    
●
相关链接 在E读中查询图书 在五车中查询图书 在当当中查询图书 在豆瓣中查询图书


正题名:施工企业经济活动分析     索取号:F407.96/127         预约/预借

序号 登录号 条形码 馆藏地/架位号 状态 备注
1 0447907   204479073   密集书库/ [索取号:F407.96/127] 在馆    
2 0447908   204479082   密集书库/ [索取号:F407.96/127] 在馆    
唐山师范学院图书馆 欢迎您!
大连网信软件有限公司© 版权所有